000 00525nam a22002177a 4500
003 UA-OsUOA
001 36660
007 ta
008 20060207b un ||||| |||| 00| 0 ukr d
100 _aНаумець І.
090 _a330(477)
_bН11
942 _cSA
040 _aUA-OsUOA
_bukr
_cUA-OsUOA
_dUA-OsUOA
245 _aТраст, який ще не лопнув
300 _aС.32-33
955 _a0
041 _aukr
080 _a330(477)
773 0 _w36658
650 7 _a330 Економіка взагалі
_2UDC
999 _c322894
_d322894